000 01180nam1a22002411i 4500
001 rc\2936457
005 20260407082939.0
035 _a(NLR Aleph) 007085560
090 _a6520940
_c6520940
100 _a20110823d1934 |||y0rusy50 ca
101 0 _arus
102 _aRU
105 _ay z |||||
200 1 _aИтоги государственного сортоиспытания картофеля
_eЧ. 1-
210 _aМосква
_cИн-т картофельного хозяйства
_d1934
_gф-ка книги "Кр. пролетарий"
215 _d22х15 см
225 1 _aРаботы Научно-исследовательского института картофельного хозяйства
_fВсесоюз. акад. с.-х. наук им. В.И. Ленина. Нар. комиссариат. земледелия РСФСР
300 _aРезюме на англ. яз.
712 0 2 _4570
_aНИИ картофельного хозяйства
_cст. Малаховка, Московско-Рязанская ж. д.
_3RU\NLR\AUTH\888992
_9290484
801 0 _aRU
_bNLR
_gpsbo
801 1 _aRU
_bELAR
_2rusmarc
852 _aNLR
_j33-17/309(5)
942 _cBOOK